[Event "GER-chT U20 Girls"]
[Site "Stuttgart"]
[Date "2007.12.28"]
[Round "3.1"]
[White "Dietzen, Corinna"]
[Black "Schulz, Stefanie"]
[Result "1-0"]
[WhiteElo "1918"]
[BlackElo "2103"]
[PlyCount "83"]
[EventDate "2007.12.27"]
[EventType "team-swiss"]
[EventRounds "7"]
[EventCountry "GER"]
[SourceTitle "EXT 2009"]
[Source "ChessBase"]
[SourceDate "2008.11.26"]
[SourceVersion "1"]
[SourceVersionDate "2008.11.26"]
[SourceQuality "1"]
[WhiteTeam "Wadgassen/Differten U20 Girls"]
[BlackTeam "Koenig Tegel U20 Girls"]
[WhiteTeamCountry "GER"]
[BlackTeamCountry "GER"]

1. e4 c5 2. c3 d5 3. exd5 Qxd5 4. d4 Nc6 5. Nf3 cxd4 6. cxd4 Bg4 7. Be2 e6 8. 0-0 Bd6 9. h3 Bf5 10. Nc3 Qa5 11. a3 Nge7 12. Qb3 0-0 13. Qxb7 a6 14. Qb3 e5 15. dxe5 Nxe5 16. Nd4 Bd7 17. Ne4 Bb8 18. Bd2 Qc7 19. Qg3 Qb6 20. Qc3 N7c6 21. Be3 Qc7 22. Ng3 Rc8 23. Rfd1 Ba7 24. Nxc6 Bxc6 25. Bxa6 Bxe3 26. Bxc8 Nf3+ 27. Kh1 Bd4 28. Rxd4 Nxd4 29. Qxd4 Rxc8 30. Nf5 f6 31. Re1 Qa5 32. Ne7+ Kf8 33. Nxc8 Qxe1+ 34. Kh2 Qc1 35. Qd6+ Kf7 36. Qc7+ Kf8 37. Qe7+ Kg8 38. Qd8+ Kf7 39. Qc7+ Kf8 40. b4 Qc4 41. Qd8+ Be8 42. Qe7+ 1-0

[Event "BL2 West 0708 (Women)"]
[Site "Germany"]
[Date "2007.12.01"]
[Round "3.3"]
[White "Dietzen, Corinna"]
[Black "Froehlich Dill, Astrid"]
[Result "1-0"]
[WhiteElo "2029"]
[BlackElo "1991"]
[PlyCount "89"]
[EventDate "2007.11.10"]
[EventType "team-tourn"]
[EventRounds "7"]
[EventCountry "GER"]
[SourceTitle "EXT 2009"]
[Source "ChessBase"]
[SourceDate "2008.11.26"]
[SourceVersion "1"]
[SourceVersionDate "2008.11.26"]
[SourceQuality "1"]
[WhiteTeam "Wadgassen/Differten (W)"]
[BlackTeam "Hofheim (W)"]
[WhiteTeamCountry "GER"]
[BlackTeamCountry "GER"]

1. e4 c5 2. c3 Nc6 3. Nf3 e6 4. d4 cxd4 5. Nxd4 Nf6 6. Bd3 e5 7. Nf3 Be7 8. 0-0 0-0 9. Nbd2 b6 10. Nc4 Qc7 11. Qe2 d6 12. Rd1 h6 13. b3 Be6 14. Bb2 Nd7 15. Ne3 g6 16. Nd5 Bxd5 17. exd5 Nd8 18. Qe3 Kh7 19. Bc1 Rh8 20. Qxh6+ Kg8 21. Qd2 f5 22. Bc2 Nf7 23. Bb2 Bf6 24. Rac1 Rh5 25. Qe2 Kg7 26. Nd2 Rah8 27. Nf1 Bg5 28. Rb1 Nf6 29. h3 Rh4 30. c4 Qc5 31. Bd3 Ne4 32. b4 Qc7 33. Nh2 Bf6 34. Nf3 Rf4 35. g3 Rxf3 36. Qxf3 Neg5 37. Qe2 Nxh3+ 38. Kg2 Nfg5 39. f4 exf4 40. Bxf6+ Kxf6 41. Qb2+ Kf7 42. Qxh8 fxg3 43. Rh1 Nf4+ 44. Kxg3 Nh5+ 45. Rxh5 1-0

[Event "BL2 West 0708 (Women)"]
[Site "Germany"]
[Date "2007.11.10"]
[Round "1.1"]
[White "Dietzen, Corinna"]
[Black "Wirths, Clara"]
[Result "1/2-1/2"]
[WhiteElo "2034"]
[BlackElo "1938"]
[PlyCount "82"]
[EventDate "2007.11.10"]
[EventType "team-tourn"]
[EventRounds "7"]
[EventCountry "GER"]
[SourceTitle "EXT 2009"]
[Source "ChessBase"]
[SourceDate "2008.11.26"]
[SourceVersion "1"]
[SourceVersionDate "2008.11.26"]
[SourceQuality "1"]
[WhiteTeam "Wadgassen/Differten (W)"]
[BlackTeam "Wattenscheid (W)"]
[WhiteTeamCountry "GER"]
[BlackTeamCountry "GER"]

1. e4 c5 2. c3 d5 3. exd5 Qxd5 4. d4 Nf6 5. Nf3 e6 6. Be3 Nbd7 7. Be2 Be7 8. 0-0 0-0 9. Re1 Rd8 10. Nbd2 b6 11. Ng5 Qf5 12. Bf3 Rb8 13. Nf1 cxd4 14. Ng3 Qg6 15. cxd4 Ne5 16. Be2 Nd5 17. Bh5 Nxe3 18. Rxe3 Qxg5 19. Rxe5 Qxe5 20. dxe5 Rxd1+ 21. Rxd1 Bb7 22. Rd7 Kf8 23. Ne2 Rd8 24. Rxd8+ Bxd8 25. Nd4 Bc7 26. f4 g5 27. g3 Bd5 28. b3 gxf4 29. gxf4 Ke7 30. Bf3 Bxf3 31. Nxf3 f6 32. Kf2 Kf7 33. Ke3 fxe5 34. fxe5 Kg6 35. Kf4 Bd8 36. Nd4 Bg5+ 37. Ke4 Kf7 38. Nb5 a5 39. Nd6+ Kg6 40. Kf3 Be7 41. Nc4 Bc5 1/2-1/2

[Event "GER-chT Lands U20"]
[Site "Verden an der Aller"]
[Date "2007.10.01"]
[Round "4.2"]
[White "Dietzen, Corinna"]
[Black "Dann, Matthias"]
[Result "0-1"]
[WhiteElo "2034"]
[BlackElo "2109"]
[PlyCount "62"]
[EventDate "2007.09.29"]
[EventType "team-swiss"]
[EventRounds "7"]
[EventCountry "GER"]
[SourceTitle "CBM 120 Extra"]
[Source "ChessBase"]
[SourceDate "2007.11.01"]
[SourceVersion "1"]
[SourceVersionDate "2007.11.01"]
[SourceQuality "1"]
[WhiteTeam "Saarland"]
[BlackTeam "Rheinland Pfalz"]
[WhiteTeamCountry "GER"]
[BlackTeamCountry "GER"]

1. e4 e6 2. d4 d5 3. Nd2 Nc6 4. Ngf3 Nf6 5. e5 Nd7 6. c3 f6 7. Bb5 fxe5 8. dxe5 Be7 9. 0-0 0-0 10. Re1 Qe8 11. Nf1 Nc5 12. Ng3 a6 13. Bf1 b5 14. b3 Bd7 15. Be3 Rd8 16. Qc2 a5 17. a3 a4 18. b4 Nb3 19. Rad1 Rxf3 20. gxf3 Nxe5 21. Kg2 Qf7 22. Be2 Rf8 23. f4 Ng6 24. Bh5 Nxf4+ 25. Bxf4 Qxf4 26. Re3 Bf6 27. Kg1 c6 28. Kh1 e5 29. Rg1 Be6 30. Bf3 e4 31. Bg2 Be5 0-1

[Event "GER-ch U25"]
[Site "Willingen"]
[Date "2007.05.29"]
[Round "6"]
[White "Dietzen, Corinna"]
[Black "Thier, Simon"]
[Result "1-0"]
[WhiteElo "1997"]
[BlackElo "1791"]
[PlyCount "101"]
[EventDate "2007.05.26"]
[EventType "swiss"]
[EventRounds "9"]
[EventCountry "GER"]
[SourceTitle "CBM 118 Extra"]
[Source "ChessBase"]
[SourceDate "2007.07.04"]
[SourceVersion "1"]
[SourceVersionDate "2007.07.04"]
[SourceQuality "1"]

1. e4 c5 2. c3 d5 3. exd5 Qxd5 4. d4 Nf6 5. Nf3 Bg4 6. Be2 e6 7. 0-0 Be7 8. Be3 Nbd7 9. Nbd2 cxd4 10. cxd4 0-0 11. h3 Bh5 12. Re1 Rfc8 13. a3 Bg6 14. Rc1 Nb6 15. Qb3 Rxc1 16. Rxc1 Rc8 17. Rxc8+ Nxc8 18. Qc3 Qd8 19. Bd3 Nd5 20. Qc2 Bxd3 21. Qxd3 Ncb6 22. Ne4 Nxe3 23. fxe3 h6 24. Qb3 Qc7 25. Qc3 Qxc3 26. Nxc3 Nc4 27. Nd1 b5 28. Kf2 b4 29. a4 f5 30. Ke2 g5 31. Kd3 Nd6 32. Ne5 Nc8 33. Nc6 Bd6 34. Kc4 h5 35. Nxb4 e5 36. Nd5 e4 37. N1c3 Kf7 38. b4 Ke6 39. a5 a6 40. Nb6 Ne7 41. d5+ Kf7 42. Nd7 f4 43. Nxe4 Bxb4 44. Ne5+ Kg7 45. Kxb4 fxe3 46. d6 e2 47. Nd3 Nc6+ 48. Kc5 Nxa5 49. d7 Nb7+ 50. Kb6 Nd8 51. Nc3 1-0

[Event "GER-ch U25"]
[Site "Willingen"]
[Date "2007.05.28"]
[Round "4"]
[White "Dietzen, Corinna"]
[Black "Geshnizjani, Ramin Tobias"]
[Result "0-1"]
[WhiteElo "1997"]
[BlackElo "2051"]
[PlyCount "70"]
[EventDate "2007.05.26"]
[EventType "swiss"]
[EventRounds "9"]
[EventCountry "GER"]
[SourceTitle "CBM 118 Extra"]
[Source "ChessBase"]
[SourceDate "2007.07.04"]
[SourceVersion "1"]
[SourceVersionDate "2007.07.04"]
[SourceQuality "1"]

1. e4 c5 2. c3 Nf6 3. e5 Nd5 4. d4 cxd4 5. cxd4 Nc6 6. Nf3 d6 7. Bc4 Nb6 8. Bb5 Bd7 9. exd6 e6 10. Nc3 Bxd6 11. 0-0 0-0 12. a3 Ne7 13. Bd3 Nbd5 14. Qe2 Bc6 15. Nxd5 Nxd5 16. Ne5 Qh4 17. f4 Bxe5 18. dxe5 f6 19. exf6 Rxf6 20. g3 Qh3 21. Rf2 Raf8 22. b4 e5 23. f5 Ne7 24. Bg5 R6f7 25. Bc4 Nd5 26. Qd2 h6 27. Be3 Nxe3 28. Qxe3 Qg4 29. Bxf7+ Rxf7 30. Qxe5 Rd7 31. Re1 Rd5 32. Qe6+ Kh7 33. Rf4 Qg5 34. f6 Rd2 35. f7 Rg2+ 0-1